| 000 | 00496nam a2200169Ia 4500 | ||
|---|---|---|---|
| 999 |
_c26687 _d26687 |
||
| 003 | OSt | ||
| 005 | 20260416152737.0 | ||
| 008 | 190216s9999||||xx |||||||||||||| ||und|| | ||
| 040 | _coclc | ||
| 082 |
_a894.8124 _bYAT/D |
||
| 100 |
_aYati, Nitya Chaitanya _96870 |
||
| 245 | 0 |
_aDaivam Sathyamo Midhyayo / _cNitya Chaitanya Yathi |
|
| 260 |
_bCurrent Books, _aThrissur: _c1999. |
||
| 300 | _a150p | ||
| 650 | _aLekhanam | ||
| 942 |
_cBK _2ddc _h894.8124 _iYAT/D _k894.8124 _mYAT/D |
||